| 000 | 00869cam a22002411 4500 | ||
|---|---|---|---|
| 001 | sa 68010773 | ||
| 003 | DLC | ||
| 005 | 20260227112555.0 | ||
| 008 | 891115s1963 ii ac 000 0 hino | ||
| 010 | _asa 68010773 | ||
| 035 | _a(OCoLC)20653183 | ||
| 040 |
_aDLC _cNRU _dDLC |
||
| 042 | _apremarc | ||
| 050 | 0 | 0 |
_aPK1931 _b.D24 |
| 110 | 2 | _aDakshiṇa Bhārata Hindī Pracāra Sabhā, Āndhra. | |
| 245 | 1 | 0 |
_aRajata jayantī-saṃsmaraṇagrantha. _cSaṃpādaka Śrīnivāsa Ayyaṅgāra [tathā anya]. |
| 260 |
_aHaiderābāda, _bRajata Jayantī Samitī, Dakshiṇa Bhārata Hindī Pracāra Sabhā (Āndhra) _c[1963] |
||
| 300 |
_a1 v. (various pagings) _billus., ports. _c24 cm. |
||
| 500 | _aOn cover: Rajata jayantī mahotsava, 1963. | ||
| 500 | _aIn Hindi; some messages in English. | ||
| 650 | 0 | _aHindi language. | |
| 700 | 2 |
_aSrinivasa Iyengar, D., _eed. |
|
| 999 |
_c83532 _d83532 |
||